000 00268nam a2200097Ia 4500
005 20250424112926.0
008 250424s9999 xx 000 0 und d
300 _a1426-1544 p. : ill. ; 28 cm.
650 _aAirplanes--Technological innovations--Periodicals.
942 _cSR
999 _c37913
_d37913